LEADER 01041cam0-2200361---450- 001 990005585950403321 005 20101025102913.0 035 $a000558595 035 $aFED01000558595 035 $a(Aleph)000558595FED01 035 $a000558595 100 $a19990604d1970----km-y0itay50------ba 101 0 $aita 102 $aIT 105 $aa-------00-yy 200 1 $aDada italiano$eDocumenti e periodici dada$fa cura di Arturo Schwarz 205 $aRist. anast. 210 $aMilano-Roma$cGabriele Mazzotta$d1970 215 $a1 cartella (3 facs.)$cill.$d37 cm 225 1 $aArchivi d'arte del 20. secolo 300 $aRipr. facs. delle ed. orig 300 $aEd. di 500 esempl. 610 0 $aDadaismo$aItalia$aTesti e documenti 676 $a709.04062 676 $a709.45 702 1$aSchwarz,$bArturo$f<1924- > 801 0$aIT$bUNINA$gRICA$2UNIMARC 901 $aBK 912 $a990005585950403321 952 $a709.04 SCH 1$bST.ARTE 10957$fFLFBC 959 $aFLFBC 996 $aDada italiano$9607922 997 $aUNINA LEADER 01826nam 2200397 450 001 9910633964503321 005 20230323221859.0 010 $a1-80355-340-5 035 $a(CKB)5700000000338716 035 $a(NjHacI)995700000000338716 035 $a(EXLCZ)995700000000338716 100 $a20230323d2022 uy 0 101 0 $aeng 135 $aur||||||||||| 181 $ctxt$2rdacontent 182 $cc$2rdamedia 183 $acr$2rdacarrier 200 00$aAutopsy $ewhat do we learn from corpses? /$fedited by Kamil Hakan Dogan 210 1$aLondon :$cIntechOpen,$d2022. 215 $a1 online resource (74 pages) 311 $a1-80355-339-1 327 $a1. Introductory Chapter: An Overview of the Autopsy Procedure -- 2. External Examination of the Corpse -- 3. Post-Mortem Assessment and Evolutionary Role of the Autopsy -- 4. Medicolegal Autopsy -- 5. Virtopsy: A New Era in Forensic Medico-Legal Autopsies. 330 $aIf a death is suspicious, an autopsy of the body is performed with the intent of determining the cause and manner of death. A death investigation begins with body examination and evidence collection at the scene and proceeds through history, postmortem examination and autopsy, laboratory tests, and determining the cause and manner of death. This book provides a comprehensive overview of postmortem examination and autopsy, the steps involved, and what the results of the examination can tell us. 517 $aAutopsy 606 $aAutopsy$xSocial aspects 606 $aAutopsy$xCase studies 615 0$aAutopsy$xSocial aspects. 615 0$aAutopsy$xCase studies. 676 $a616.0759 702 $aDogan$b Kamil Hakan 801 0$bNjHacI 801 1$bNjHacl 906 $aBOOK 912 $a9910633964503321 996 $aAutopsy$93075780 997 $aUNINA